000 00481nam a22001697a 4500
008 210503b ||||| |||| 00| 0 eng d
020 _a9780415608350
082 _a070.4 MOR
100 _aMorrish, John
245 _aMagazine editing
260 _aLondon ; New York :
_bRoutledge,
_c2012.
300 _a281 p.
_c23 cm.
500 _aIncludes bibliographical references (pages [268]-271) and index.
650 _aJournalism--Editing.
700 _aPaul Bradshaw
942 _2ddc
999 _c8711
_d8712